Evaluating development aid : issues, problems and solutions /

Bibliographic Details
Main Author: Cracknell, Basil E.
Format: Book
Language:English
Published: New Delhi ; Thousand Oaks, Calif. : Sage Publications, 2000.
Subjects:

MARC

Tag First Indicator Second Indicator Subfields
LEADER 00000cam a22000004a 4500
001 in00001595921
005 20151022171935.0
008 000127s2000 ii a b 001 0 eng
010 |a  00024738  
020 |a 817036907X (India) 
020 |a 8170369088 (India : pbk.) 
020 |a 0761994033 (U.S.) 
020 |a 0761994041 (U.S. : pbk.) 
035 |a (OCoLC)ocm45784569 
040 |a DLC  |c DLC  |d TXA  |d UtOrBLW 
042 |a pcc 
043 |a d------ 
049 |a TXAM 
050 0 0 |a HC60  |b .C668 2000 
082 0 0 |a 338.91/09172/4  |2 21 
100 1 |a Cracknell, Basil E. 
245 1 0 |a Evaluating development aid :  |b issues, problems and solutions /  |c Basil Edward Cracknell. 
264 1 |a New Delhi ;  |a Thousand Oaks, Calif. :  |b Sage Publications,  |c 2000. 
300 |a 386 pages :  |b illustrations ;  |c 23 cm. 
336 |a text  |b txt  |2 rdacontent 
337 |a unmediated  |b n  |2 rdamedia 
338 |a volume  |b nc  |2 rdacarrier 
504 |a Includes bibliographical references (pages [359]-373) and index. 
650 0 |a Economic assistance  |z Developing countries  |x History. 
650 0 |a Economic assistance  |z Developing countries  |x Evaluation. 
994 |a E0  |b TXA 
948 |a cataloged  |b h  |c 2001/2/27  |d c  |e ceaton  |f 9:16:59 am 
999 |a MARS 
999 f f |s 54939e9b-959e-3201-85d8-87ec0045abb1  |i b2a05c6f-506a-38e3-abc0-67c660256a9b  |t 0 
952 f f |p ric  |a Texas A&M University  |b Rellis Campus  |c Joint Library Facility  |d Remote Storage  |t 0  |e HC60 .C668 2000  |h Library of Congress classification  |i unmediated -- volume  |m A14827181646 
998 f f |a HC60 .C668 2000  |t 0  |l Remote Storage